000
00356nam a2200169Ia 4500
100
_a
Subramaniam/ Venkat
650
_a
Java
942
_c
RB
366
_f
20
654
_a
javascript
245
_a
Rediscovering Javascript : Master ES6
260
_b
Pragmatic Bookshelf
_c
2018
082
_b
SUB
300
_a
261
546
_a
ENGLISH
999
_c
18761
_d
18761